000 01343nam a2200337Ia 4500
001 ebr10622339
003 CaPaEBR
006 m u
007 cr cn|||||||||
008 110920s2012 nyu sb s001 0 eng d
010 _z 2011038254
020 _z9781438442891 (hardcover : alk. paper)
020 _z9781438442907
040 _aCaPaEBR
_cCaPaEBR
035 _a(OCoLC)817565541
043 _aa-cc---
050 1 4 _aB127.L5
_bZ57 2012eb
100 1 _aZiporyn, Brook,
_d1964-
245 1 0 _aIronies of oneness and difference
_h[electronic resource] :
_bcoherence in early Chinese thought : prolegomena to the study of Li /
_cBrook Ziporyn.
260 _aAlbany :
_bState University of New York Press,
_cc2012.
300 _aix, 323 p.
440 0 _aSUNY series in Chinese philosophy and culture
504 _aIncludes bibliographical references and index.
533 _aElectronic reproduction.
_bPalo Alto, Calif. :
_cebrary,
_d2011.
_nAvailable via World Wide Web.
_nAccess may be limited to ebrary affiliated libraries.
650 0 _aLi.
650 0 _aPhilosophy, Chinese.
650 0 _aTruth
_xCoherence theory.
655 7 _aElectronic books.
_2local
710 2 _aebrary, Inc.
856 4 0 _uhttp://site.ebrary.com/lib/rucke/Doc?id=10622339
_zAn electronic book accessible through the World Wide Web; click to view
999 _c56193
_d56193